Sistemas operativos: principios de diseño e interioridades

Wedi'i Gadw mewn:
Manylion Llyfryddiaeth
Prif Awdur: Stallings, William (Awdur)
Fformat: Llyfr
Iaith:Sbaeneg
Cyhoeddwyd: Madrid Pearson Educación 2001
Pynciau:
Tagiau: Ychwanegu Tag
Dim Tagiau, Byddwch y cyntaf i dagio'r cofnod hwn!

MARC

LEADER 00000nam a2200000 a 4500
001 UCM7534
003 CL-VaPUC
008 021227e20010000SP |||||||||||||||||spa|d
020 |a 8420531774 
082 0 4 |a 005.43  |b STA  |2 21 
100 0 |a Stallings, William  |e author  |9 473153 
245 1 0 |a Sistemas operativos: principios de diseño e interioridades 
300 |a 764 p 
942 |c BK 
945 |d 20021227 00:00:00  |a vberengu 
260 |a Madrid  |b Pearson Educación  |c 2001 
650 7 |a PROGRAMAS PARA COMPUTADOR  |2 CL-VaPUC  |9 473154 
650 0 |a Sistemas operativos   |9 260288 
583 |a last modification  |c 20021227 00:00:00  |k Rodrigo Vera 
999 |c 302295  |d 302293 
952 |0 0  |1 0  |2 ddc  |4 0  |6 005_430000000000000_STA_2001  |7 0  |8 A  |9 362484  |a BIBING  |b BIBING  |c RES  |d 2019-11-21  |i 3869253  |o 005.43 STA 2001  |p 3869253  |r 2025-01-20  |w 2019-11-21  |y BK  |k CCI 
952 |0 0  |1 0  |2 ddc  |4 0  |6 005_430000000000000_STA_2001  |7 0  |8 A  |9 362485  |a BIBING  |b BIBING  |c RES  |d 2019-11-21  |i 3869261  |o 005.43 STA 2001  |p 3869261  |r 2025-01-20  |w 2019-11-21  |y BK  |k CCI 
952 |0 0  |1 0  |2 ddc  |4 0  |6 005_430000000000000_STA_2001  |7 0  |8 A  |9 362486  |a BIBING  |b BIBING  |c RES  |d 2019-11-21  |i 386927K  |o 005.43 STA 2001  |p 386927K  |r 2025-01-20  |w 2019-11-21  |y BK  |k CCI 
952 |0 0  |1 0  |2 ddc  |4 0  |6 005_430000000000000_STA_2001  |7 0  |8 A  |9 362487  |a BIBING  |b BIBING  |c RES  |d 2019-11-21  |i 3869288  |o 005.43 STA 2001  |p 3869288  |r 2025-01-20  |w 2019-11-21  |y BK  |k CCI 
952 |0 0  |1 0  |2 ddc  |4 0  |6 005_430000000000000_STA_2001  |7 0  |8 A  |9 362488  |a BIBING  |b BIBING  |c RES  |d 2019-11-21  |i 3869296  |o 005.43 STA 2001  |p 3869296  |r 2025-01-20  |w 2019-11-21  |y BK  |k CCI 
952 |0 0  |1 0  |2 ddc  |4 0  |6 005_430000000000000_STA_2001  |7 0  |8 A  |9 362489  |a BIBING  |b BIBING  |c RES  |d 2019-11-21  |i 386930K  |o 005.43 STA 2001  |p 386930K  |r 2025-01-20  |w 2019-11-21  |y BK  |k CCI 
952 |0 0  |1 0  |2 ddc  |4 0  |6 005_430000000000000_STA_2001  |7 0  |8 A  |9 362490  |a BIBING  |b BIBING  |c RES  |d 2019-11-21  |i 3869318  |o 005.43 STA 2001  |p 3869318  |r 2025-01-20  |w 2019-11-21  |y BK  |k CCI 
952 |0 0  |1 0  |2 ddc  |4 0  |6 005_430000000000000_STA_2001  |7 0  |8 A  |9 362491  |a BIBING  |b BIBING  |c RES  |d 2019-11-21  |i 3869326  |o 005.43 STA 2001  |p 3869326  |r 2025-01-20  |w 2019-11-21  |y BK  |k CCI 
952 |0 0  |1 0  |2 ddc  |4 0  |6 005_430000000000000_STA_2001  |7 0  |8 A  |9 362492  |a BIBING  |b BIBING  |c RES  |d 2019-11-21  |i 3869334  |o 005.43 STA 2001  |p 3869334  |r 2025-01-20  |w 2019-11-21  |y BK  |k CCI 
952 |0 0  |1 0  |2 ddc  |4 0  |6 005_430000000000000_STA_2001  |7 0  |8 A  |9 362493  |a BIBING  |b BIBING  |c RES  |d 2019-11-21  |i 3869342  |o 005.43 STA 2001  |p 3869342  |r 2025-01-20  |w 2019-11-21  |y BK  |k CCI 
952 |0 0  |1 0  |2 ddc  |4 0  |6 005_430000000000000_STA_2001  |7 0  |8 A  |9 362494  |a BIBING  |b BIBING  |c RES  |d 2019-11-21  |i 3974332  |o 005.43 STA 2001  |p 3974332  |r 2025-01-20  |w 2019-11-21  |y BK  |k CCI 
952 |0 0  |1 0  |2 ddc  |4 0  |6 005_430000000000000_STA_2001  |7 0  |8 A  |9 362495  |a BIBING  |b BIBING  |c RES  |d 2019-11-21  |i 3974340  |o 005.43 STA 2001  |p 3974340  |r 2025-01-20  |w 2019-11-21  |y BK  |k CCI 
952 |0 0  |1 0  |2 ddc  |4 0  |6 005_430000000000000_STA_2001  |7 0  |8 A  |9 362496  |a BIBING  |b BIBING  |c RES  |d 2019-11-21  |i 3974359  |o 005.43 STA 2001  |p 3974359  |r 2025-01-20  |w 2019-11-21  |y BK  |k CCI 
952 |0 0  |1 0  |2 ddc  |4 0  |6 005_430000000000000_STA_2001  |7 0  |8 A  |9 362497  |a BIBING  |b BIBING  |c RES  |d 2019-11-21  |i 3974367  |o 005.43 STA 2001  |p 3974367  |r 2025-01-20  |w 2019-11-21  |y BK  |k CCI 
952 |0 0  |1 0  |2 ddc  |4 0  |6 005_430000000000000_STA_2001  |7 0  |8 A  |9 362498  |a BIBING  |b BIBING  |c RES  |d 2019-11-21  |i 3974375  |o 005.43 STA 2001  |p 3974375  |r 2025-01-20  |w 2019-11-21  |y BK  |k CCI 
952 |0 0  |1 0  |2 ddc  |4 0  |6 005_430000000000000_STA_2001  |7 0  |8 A  |9 362499  |a BIBING  |b BIBING  |c RES  |d 2019-11-21  |i 3974383  |o 005.43 STA 2001  |p 3974383  |r 2025-01-20  |w 2019-11-21  |y BK  |k CCI 
952 |0 0  |1 0  |2 ddc  |4 0  |6 005_430000000000000_STA_2001  |7 0  |8 A  |9 362500  |a BIBING  |b BIBING  |c RES  |d 2019-11-21  |i 3974391  |o 005.43 STA 2001  |p 3974391  |r 2023-03-02  |w 2019-11-21  |y BK  |k CCI 
952 |0 0  |1 0  |2 ddc  |4 0  |6 005_430000000000000_STA_2001  |7 0  |8 A  |9 362501  |a BIBING  |b BIBING  |c RES  |d 2019-11-21  |i 3974405  |o 005.43 STA 2001  |p 3974405  |r 2025-01-20  |w 2019-11-21  |y BK  |k CCI 
952 |0 0  |1 0  |2 ddc  |4 0  |6 005_430000000000000_STA_2001  |7 0  |8 A  |9 362502  |a BIBING  |b BIBING  |c RES  |d 2019-11-21  |i 3974413  |o 005.43 STA 2001  |p 3974413  |r 2025-01-20  |w 2019-11-21  |y BK  |k CCI 
952 |0 0  |1 0  |2 ddc  |4 0  |6 005_430000000000000_STA_2001  |7 0  |8 A  |9 362503  |a BIBING  |b BIBING  |c RES  |d 2019-11-21  |i 3974421  |o 005.43 STA 2001  |p 3974421  |r 2025-01-20  |w 2019-11-21  |y BK  |k CCI 
952 |0 0  |1 0  |2 ddc  |4 0  |6 005_430000000000000_STA_2001  |7 0  |8 A  |9 362504  |a BIBING  |b BIBING  |c RES  |d 2019-11-21  |i 397443K  |o 005.43 STA 2001  |p 397443K  |r 2025-01-20  |w 2019-11-21  |y BK  |k CCI 
952 |0 0  |1 0  |2 ddc  |4 0  |6 005_430000000000000_STA_2001  |7 0  |8 A  |9 362505  |a BIBING  |b BIBING  |c RES  |d 2019-11-21  |i 3974448  |o 005.43 STA 2001  |p 3974448  |r 2025-01-20  |w 2019-11-21  |y BK  |k CCI 
952 |0 0  |1 0  |2 ddc  |4 0  |6 005_430000000000000_STA_2001  |7 0  |8 A  |9 362506  |a BIBING  |b BIBING  |c RES  |d 2019-11-21  |i 3974456  |o 005.43 STA 2001  |p 3974456  |r 2025-01-20  |w 2019-11-21  |y BK  |k CCI 
952 |0 0  |1 0  |2 ddc  |4 0  |6 005_430000000000000_STA_2001  |7 0  |8 A  |9 362507  |a BIBING  |b BIBING  |c RES  |d 2019-11-21  |i 3974464  |o 005.43 STA 2001  |p 3974464  |r 2025-01-20  |w 2019-11-21  |y BK  |k CCI 
952 |0 0  |1 0  |2 ddc  |4 0  |6 005_430000000000000_STA_2001  |7 0  |8 A  |9 362508  |a BIBING  |b BIBING  |c RES  |d 2019-11-21  |i 3974472  |o 005.43 STA 2001  |p 3974472  |r 2025-01-20  |w 2019-11-21  |y BK  |k CCI